书目信息 |
| 题名: |
滨水地区亲水设施规划设计
|
|
| 作者: | ;苏利英 译 ;河川治理中心 编 | |
| 分册: | ||
| 出版信息: | 北京 中国建筑工业出版社 2005.08 |
|
| 页数: | 132页 | |
| 开本: | 20cm | |
| 丛书名: | 滨水景观设计丛书 | |
| 单 册: | ||
| 中图分类: | TU986.4 | |
| 科图分类: | ||
| 主题词: | 理水 (园林)--li shui(yuan lin)--景观--园林设计 | |
| 电子资源: | ||
| ISBN: | 7-112-07361-8 | |
| 000 | 01105nam 2200277 450 | |
| 001 | 012008340078 | |
| 005 | 20080115095334.28 | |
| 010 | @a7-112-07361-8@dCNY43.00 | |
| 100 | @a20080113d2005 em y0chiy0120 ea | |
| 101 | 1 | @achi@cjpn |
| 102 | @aCN@b110000 | |
| 105 | @aa a 000yy | |
| 106 | @ar | |
| 200 | 1 | @a滨水地区亲水设施规划设计@Abin shui di qu qin shui she shi gui hua she ji@f[日] 河川治理中心编@F[ri]he chuan zhi li zhong xin bian@g苏利英译@Gsu li ying yi |
| 210 | @a北京@c中国建筑工业出版社@d2005.08 | |
| 215 | @a132页@c图@d20cm | |
| 225 | 2 | @a滨水景观设计丛书@Abin shui jing guan she ji cong shu |
| 320 | @a有书目 (第132页) | |
| 330 | @a本书就如何编制能充分体现河川的魅力及河川、地区环境的现状特点、同时考虑到河川原本的自然景观等因素的、以滨水活动为前提的设施规划等方面的内容进行了介绍。 | |
| 410 | 0 | @12001 @a滨水景观设计丛书 |
| 606 | 0 | @a理水 (园林)@Ali shui(yuan lin)@x景观@x园林设计 |
| 690 | @aTU986.4@v4 | |
| 702 | 0 | @a苏利英@Asu li ying@4译 |
| 711 | 02 | @a河川治理中心@Ahe chuan zhi li zhong xin@4编 |
| 801 | 0 | @aCN@bQSSK@c20080115 |
| 905 | @b277778-80@dTU986.4@eS812@f3 | |
| 滨水地区亲水设施规划设计/[日] 河川治理中心编/苏利英译.-北京:中国建筑工业出版社,2005.08 |
| 132页:图;20cm.-(滨水景观设计丛书) |
| ISBN 7-112-07361-8:CNY43.00 |
| 本书就如何编制能充分体现河川的魅力及河川、地区环境的现状特点、同时考虑到河川原本的自然景观等因素的、以滨水活动为前提的设施规划等方面的内容进行了介绍。 |
| ● |
| 相关链接 |
|
|
|
正题名:滨水地区亲水设施规划设计
索取号:TU986.4/S812
 
预约/预借
| 序号 | 登录号 | 条形码 | 馆藏地/架位号 | 状态 | 备注 |
| 1 | 277778 | 202777780 | 建筑库201/201建筑库 117排1列3层/ [索取号:TU986.4/S812] | 在馆 | |
| 2 | 277779 | 202777799 | 建筑库201/201建筑库 117排1列3层/ [索取号:TU986.4/S812] | 在馆 | |
| 3 | 277780 | 202777806 | 建筑库201/201建筑库 117排1列3层/ [索取号:TU986.4/S812] | 在馆 |